オフィスコンピュータに関する市場調査報告書:出荷状況(昭和57年7月)
Salvato in:
| Ente Autore: | |
|---|---|
| Natura: | Libro |
| Lingua: | Undetermined |
| Pubblicazione: |
東京
日本電子工業振興協会
1972
|
| Soggetti: | |
| Tags: |
Aggiungi Tag
Nessun Tag, puoi essere il primo ad aggiungerne! !
|
| Thư viện lưu trữ: | Trung tâm Học liệu Trường Đại học Cần Thơ |
|---|
| LEADER | 00596nam a2200181Ia 4500 | ||
|---|---|---|---|
| 001 | CTU_80741 | ||
| 008 | 210402s9999 xx 000 0 und d | ||
| 082 | |a 658.155 | ||
| 082 | |b N691 | ||
| 110 | |a 日本電子工業振興協会 | ||
| 245 | 0 | |a オフィスコンピュータに関する市場調査報告書:出荷状況(昭和57年7月) | |
| 245 | 0 | |c 日本電子工業振興協会 | |
| 260 | |a 東京 | ||
| 260 | |b 日本電子工業振興協会 | ||
| 260 | |c 1972 | ||
| 650 | |a Enginerring Economy | ||
| 904 | |i Ngoc,Hải | ||
| 980 | |a Trung tâm Học liệu Trường Đại học Cần Thơ | ||